| 000 | 00726nam a22002417a 4500 | ||
|---|---|---|---|
| 999 |
_c107815 _d107815 |
||
| 005 | 20200217150947.0 | ||
| 010 | _aA-466052 | ||
| 020 | _c80.00 | ||
| 035 | _aA-466052 | ||
| 037 | _bCen Lib/Ret | ||
| 082 | _aک | ||
| 100 | _aنشاط فاطمہ | ||
| 245 |
_aانسان کی تلاش / _cنشاط فاطمہ |
||
| 246 |
_aInsan ki Talash / _bby Nishat Fatima |
||
| 260 |
_bمقبول اکاڈمی _aلاہور _c1988 ء |
||
| 270 |
_bلاہور _a١٩٩، سرکار روڈ چوک انارکلی |
||
| 300 |
_a263p. _c21cm(Hb) |
||
| 650 | _aادب -- اردو | ||
| 650 | _aاردو افسانے | ||
| 650 | _aUrdu literature | ||
| 650 | _aUrdu stories | ||
| 942 |
_2ddc _cUR _hک _mن ش ا |
||